|
|
|
|
| LEADER |
00000cam a2200000 a 4500 |
| 001 |
vtls008393807 |
| 003 |
SK-MaSNL |
| 005 |
20260301075544.0 |
| 008 |
180812s1927 xo gr 000 0 slo |
| 015 |
|
|
|a SNBA19191938-010180
|
| 020 |
|
|
|q (brož.)
|
| 035 |
|
|
|a SK01SNKBSKHR20010086024
|
| 035 |
|
|
|a SKM000088487
|
| 040 |
|
|
|a SNK
|b slo
|c SNK
|e AACR2
|
| 041 |
0 |
|
|a slo
|
| 044 |
|
|
|a xo
|c SK
|
| 072 |
|
7 |
|a 616
|x Patológia. Klinická medicína
|2 konspekt
|
| 080 |
|
|
|a 616.97
|2 2011
|
| 080 |
|
|
|a (042.3)
|2 2011
|
| 100 |
1 |
|
|a Reinsberg, Viktor,
|d 1875-1938
|4 aut
|9 242661
|
| 245 |
1 |
0 |
|a Poučenie o pohlavných chorobách
|c Viktor Reinsberg
|
| 260 |
|
|
|a Bratislava
|b Academia
|c 1927
|e Bratislava
|f Slov. Grafia
|
| 300 |
|
|
|a 65, [3] s.
|c 22 cm
|
| 490 |
1 |
|
|a Sbierka prednášok a rozpráv extenzie Univerzity Komenského v Bratislave
|v zv. 18
|
| 500 |
|
|
|a Zoznam publikácií vydaných v edícii Sbierky prednášok a rozpráv...
|
| 650 |
0 |
7 |
|a pohlavné choroby
|2 SNKPH
|9 2564
|
| 655 |
|
7 |
|a prednášky
|2 SNKPH
|9 70554
|
| 830 |
|
0 |
|a Sbierka prednášok a rozpráv extenzie Univerzity Komenského v Bratislave
|9 309079
|
| 852 |
|
|
|a Slovenská národná knižnica
|
| 954 |
|
|
|a odborná, vedecká literatúra pôvodná (slovenská)
|2 lita
|
| 954 |
|
|
|a odborná, vedecká literatúra cudzojazyčná (svetová)
|2 lita
|
| 958 |
|
|
|a ONDV
|
| 958 |
|
|
|a MI
|
| 999 |
|
|
|c 650594
|d 652524
|
| 952 |
|
|
|a SNK
|b SNK
|y PREZ
|7 0
|p 17A0715433
|o snkSC 983/18
|i snk739/33
|0 0
|1 0
|4 0
|d 2011-11-14
|f 1
|l 0
|r 2025-06-04 00:00:00
|w 2026-02-23
|
| 952 |
|
|
|a SNK
|b SNK
|y VYP
|7 0
|p 17A0629542
|o snkSC 983/18 D1
|i snkKSF 3410/57
|8 5
|0 0
|1 0
|4 0
|d 2009-08-19
|l 0
|r 2026-02-23 18:21:09
|w 2026-02-23
|